| 000 | 01598cab a2200301Ia 45 0 | ||
|---|---|---|---|
| 001 | u208373 | ||
| 003 | SIRSI | ||
| 008 | 120426s2003 ua ss b eng d | ||
| 040 | _aEAL | ||
| 041 |
_aeng _bara |
||
| 090 | _aART ZJAR V30 No3 22 | ||
| 100 | 1 | _aAly, Safaa H. | |
| 240 | 1 | 0 |
_aZagazig journal of agricultural research, 2003 v. 30 (3) _h[electronic resource]. |
| 245 | 1 | 0 |
_aPathogenicity of verticillium lecanii to aphis craccivora (Homoptera: Apbididae) _h[electronic resource]. |
| 246 | 1 | 5 | _aالتأثير المرضي للفطر Verticillium Lecanii على Aphis craccivora. |
| 300 | _ap.957-968. | ||
| 504 | _aIncludes references. | ||
| 520 | _aResearch studies were undertaken to investigate the possibility of using Verticillium Lecanii as a biological control agent for the control of Aphis craccivora. The Present work reported successful infection by V. Lecanii to the aphid Aphis craccivora. Pathogenicity test as well as the effect on some changes in certain biochemical components of treated nymphs were done. Results indicated that LC50 and LC90 were 0.85 x 107 and 2.7 x 107 spores/mL, respectively The tests proved reductions in total protein, fat, and- amylase enzyme. | ||
| 546 | _aSummary in Arabic. | ||
| 650 | 0 | _aHomoptera. | |
| 650 | 0 |
_aAphids _xBiological control. |
|
| 650 | 0 | _aAphis. | |
| 650 | 3 | _aAphis craccivora | |
| 650 | 3 | _aTorrubiella confragosa | |
| 773 | 0 |
_tZagazig Journal of Agricultural Research. _g2003.v.30(3) _x1110-0338 _7nnas _wu158356 |
|
| 856 | 4 | 0 |
_uhttp://nile.enal.sci.eg/EALE/2003/ZJAR/3003/3/957.pdf _zFull Text Article. |
| 596 | _a1 | ||
| 942 |
_cAR _2lcc |
||
| 999 |
_c58139 _d58139 |
||